000 00493nam a22001937a 4500
003 OSt
005 20180116182954.0
008 140212b xxu||||| |||| 00| 0 eng d
020 _a8121906563
040 _a0
_c0
082 _a510 AGG 1999
100 _aR.S. Aggarwal
245 _aMthematics for M.B.A
_cR.S. Aggarwal
260 _aNew Delhi India
_bS.Chand & Company Ltd.
_c1999
300 _a735p.
_bPB
440 _aMthematics for M.B.A
600 _aR.S. Aggarwal
942 _2ddc
_cBK
999 _c349612
_d349612